<?xml version="1.0" encoding="UTF-8"?>
<record
    xmlns:xsi="http://www.w3.org/2001/XMLSchema-instance"
    xsi:schemaLocation="http://www.loc.gov/MARC21/slim http://www.loc.gov/standards/marcxml/schema/MARC21slim.xsd"
    xmlns="http://www.loc.gov/MARC21/slim">

  <leader>00584nam a2200169Ia 4500</leader>
  <controlfield tag="008">230718s9999    xx            000 0 und d</controlfield>
  <datafield tag="020" ind1=" " ind2=" ">
    <subfield code="a">9789351104100</subfield>
  </datafield>
  <datafield tag="041" ind1=" " ind2=" ">
    <subfield code="a">eng</subfield>
  </datafield>
  <datafield tag="082" ind1=" " ind2=" ">
    <subfield code="a">004.35</subfield>
    <subfield code="b">PRA</subfield>
  </datafield>
  <datafield tag="100" ind1=" " ind2=" ">
    <subfield code="a">Prajapati V.</subfield>
    <subfield code="9">195895</subfield>
  </datafield>
  <datafield tag="245" ind1=" " ind2=" ">
    <subfield code="a">Big Data Analytics With R And Hadoop</subfield>
    <subfield code="b">Set Up An Integrated Infrastructure Of R And Hadoop To Turn Your Data Analytics Into Big Data Analytics</subfield>
  </datafield>
  <datafield tag="260" ind1=" " ind2=" ">
    <subfield code="c">2013</subfield>
    <subfield code="b">Packt/SPD</subfield>
  </datafield>
  <datafield tag="300" ind1=" " ind2=" ">
    <subfield code="a">219</subfield>
    <subfield code="d">Ref 1547 C (48875)</subfield>
  </datafield>
  <datafield tag="365" ind1=" " ind2=" ">
    <subfield code="c">Rs.</subfield>
    <subfield code="b">450.00</subfield>
  </datafield>
  <datafield tag="700" ind1=" " ind2=" ">
    <subfield code="a">Prajapati V.</subfield>
    <subfield code="9">195895</subfield>
  </datafield>
  <datafield tag="906" ind1=" " ind2=" ">
    <subfield code="d">O:0409422-Aug-2014B:78330-Jun-2014</subfield>
    <subfield code="c">COMP</subfield>
    <subfield code="b">562.5</subfield>
  </datafield>
  <datafield tag="999" ind1=" " ind2=" ">
    <subfield code="c">337951</subfield>
    <subfield code="d">337951</subfield>
  </datafield>
  <datafield tag="952" ind1=" " ind2=" ">
    <subfield code="0">0</subfield>
    <subfield code="1">0</subfield>
    <subfield code="4">0</subfield>
    <subfield code="7">0</subfield>
    <subfield code="a">CCEP</subfield>
    <subfield code="b">CCEP</subfield>
    <subfield code="d">2014-08-22</subfield>
    <subfield code="e">Vaibhav Book House</subfield>
    <subfield code="f">COMP</subfield>
    <subfield code="g">337.50</subfield>
    <subfield code="i">783</subfield>
    <subfield code="l">0</subfield>
    <subfield code="o">004.35</subfield>
    <subfield code="p">CCEP-BK-49158</subfield>
    <subfield code="r">2023-07-18 00:00:00</subfield>
    <subfield code="t">562.5</subfield>
    <subfield code="v">450.00</subfield>
    <subfield code="w">2014-06-30</subfield>
    <subfield code="y">BK</subfield>
    <subfield code="z">049158</subfield>
  </datafield>
</record>
